000 01209cab a2200301 4500
001 ABS46446
008 090401t1992 xxu||||| |||| 00| 0 eng d
035 _a(Sirsi) u58279
041 _aeng
100 _aPhillips, M.
245 _aTown and Country Planning Act 1990: new power under Section 187B to apply for injunctions
260 _c1992
350 _a0
490 _aJournal of Planning and Environment Law
_vMay 1992, 407-413(7)
520 _aQuestions whether the newly introduced Sections 3 (Injunctions) and 9 (Stop Notices) of the Planning and Compensation Act 1991 empower the courts to grant injunctions on illegal occupiers whilst an appeal against an enforcement notice is pending, as was the case in "Doncaster BC v Green".
650 _aCARAVAN SITES
650 _aDONCASTER BC V WILLIAM GREEN
650 _aENFORCEMENT NOTICES
650 _aINJUNCTIONS
650 _aLOCAL GOVERNMENT ACT 1972 S222
650 _aPLANNING AND COMPENSATION ACT 1991 S3
650 _aSTOP NOTICES
650 _aTOWN AND COUNTRY PLANNING ACT 1990 S183
650 _aTOWN AND COUNTRY PLANNING ACT 1990 S187(B)
690 _aPLANNING LAW AND PRACTICE
942 _n0
948 _c04/03/1997
999 _c35563
_d35563